| 000 | 00000nam 2200000zi 4500 |
| 001 | 9.922296 |
| 003 | CaOODSP |
| 005 | 20230504164830 |
| 006 | m o d f |
| 007 | cr |n||||||||| |
| 008 | 230504t19981998onc o f000 0 fre d |
| 020 | |z0662635582 |
| 040 | |aCaOODSP|bfre|erda|cCaOODSP |
| 043 | |an-cn--- |
| 086 | 1 |aC2-350/1998F-PDF|zC2-350/1998 |
| 245 | 00|aÀ propos de-- les codes volontaires : |bguide d'élaboration et d'utilisation. |
| 264 | 1|a[Ottawa] : |bIndustrie Canada = Industry Canada, |c[1998] |
| 264 | 4|c©1998 |
| 300 | |a1 ressource en ligne (2 pages non numérotées) |
| 336 | |atexte|btxt|2rdacontent/fre |
| 337 | |ainformatique|bc|2rdamedia/fre |
| 338 | |aressource en ligne|bcr|2rdacarrier/fre |
| 500 | |aÉdition numérisée de l'imprimé [par Innovation, Sciences et Développement économique Canada]. |
| 500 | |aPublié aussi en anglais sous le titre : Introducing-- voluntary codes : a guide for their development and use. |
| 500 | |a« 51953B. » |
| 650 | 6|aNormalisation|zCanada. |
| 650 | 6|aSociétés|xNormes|zCanada. |
| 650 | 6|aConsommateurs|xProtection|zCanada|xParticipation des citoyens. |
| 650 | 6|aAssociations professionnelles|xNormes|zCanada. |
| 710 | 1 |aCanada. |bIndustrie Canada, |eorganisme de publication. |
| 775 | 08|tIntroducing-- voluntary codes : |w(CaOODSP)9.922294 |
| 856 | 40|qPDF|s373 Ko|uhttps://publications.gc.ca/collections/collection_2023/isde-ised/c2/C2-350-1998-fra.pdf |